000 00563nam a2200181 i 4500
001 94008
003 ES-MaACL
005 20250907063056.0
007 t|
008 050427s1902 sp |||| | spa d
080 _a821.134.2-32"19"
100 1 _aLópez Roberts, Mauricio,
_d1873-1940
_973926
245 1 4 _aLas de García Triz
_b; La Cantora ; La familia de Hita /
_cMauricio López Roberts.
260 _aMadrid :
_b[s.n.],
_c1902 (
_fHijos de M.G. Hernández)
300 _a276 p. ;
_c18 cm.
852 _aES-MaACL
_jF-9840
999 _c94008
_d94008